000 01204cad a22002055a 4500
001 L150279
008 100618e2010 xxk 000 0 eng d
035 _a(Sirsi) u150279
041 0 _aeng
110 2 _aCentre for Alternative Technology
_95863
245 0 0 _aZero Carbon Britain 2030
_bA new energy strategy
_bThe Second Report of the Zero Carbon Britain Project
_h[electronic resource]
260 _aLlwyngwern
_bCAT Publishers
_c2010
505 _aExecutive Summary -- Introduction -- Context -- Powerdown -- Landuse -- Powerup -- Framework -- Conclusions
520 _aZerocarbonbritain2030 provides integrated solutions to climate change. Examines how efficient service provision can meet heating and electricity requirements while still decreasing carbon dioxide, methane, nitrous oxide and other emissions. Includes proposals to improve efficiency using a smart grid or microgrid networks to harness clean energy from renewables.
590 _aKA NTK
651 4 _aUnited Kingdom
_y
690 _aENVIRONMENTAL AND LAND CONSULTANCY-ENERGY-ENERGY USE-ENERGY EFFICIENCY
856 4 0 _uhttps://www.zcb2030.org/downloads/ZCB2030.pdf
_zView this item free of charge at www.zcb2030.org/
942 _n0
999 _c82438
_d82438